00930nam a2200265 a 450000100060000000300080000600500170001400800410003102000150007203500230008703500140011004000320012404100080015608200240016410000580018824500840024626000340033030000500036450400320041465000230044665000290046994200120049899900170051095201370052775032BD-RjUL20211209082633.0190112s1968 enkabc 000 0 eng d a023735103X a(OCoLC)ocm11819296 a(BD-RjUL) aRCEcRCEdUKMdBD-RjULbeng aeng04223a567.9bCOM 19681 aColbert, Edwin H.q(Edwin Harris),d1905-2001922687710aMen and dinosaurs :bthe search in field and laboratory /cby Edwin H. Colbert. aLondon :bEvans Bros. cc1968 axviii, 283 p. :bill., maps, ports. ;c24 cm. aBibliography: p. [265]-272. 0aDinosaurs.9226878 0aPaleontologists.9206554 2ddccBK c75032d75032 00102ddc40718NFICaRUCLbRUCLcStackd1971-07-29eZeitlingerg89.00l0o567.9 COM 1968r2019-01-12 00:00:00tC-1w2019-01-12yBK